header

Discrete choice modelling and air travel demand (Record no. 90300)

MARC details
000 -LEADER
fixed length control field 01402nam a2200337 a 4500
082 04 - DEWEY DECIMAL CLASSIFICATION NUMBER
Classification number 387.7/42011
100 1# - MAIN ENTRY--AUTHOR NAME
Personal name Garrow, Laurie A.
245 10 - TITLE STATEMENT
Title Discrete choice modelling and air travel demand
260 ## - PUBLICATION, DISTRIBUTION, ETC. (IMPRINT)
Place of publication Farnham, Surrey ;
-- Burlington, Vt. :
Name of publisher Ashgate,
Year of publication c2010.
300 ## - PHYSICAL DESCRIPTION
Number of Pages xx, 286 p. :
Other physical details ill.
650 #0 - SUBJECT ADDED ENTRY--TOPICAL TERM
Topical Term Aeronautics, Commercial
Topical Term Scheduling
Topical Term Demand (Economic theory)
Topical Term Discrete-time systems.
856 40 - ELECTRONIC LOCATION AND ACCESS
Uniform Resource Identifier http://site.ebrary.com/lib/rucke/Doc?id=10392147

No items available.

© 2026 Rongo University
Contact us: librarian | system librarian | Rongo university